| 000 | 00720nam a22002417r 4500 | ||
|---|---|---|---|
| 003 | 3228 | ||
| 005 | 20260609105006.0 | ||
| 008 | 260609b sa ||||| |||| 00| 1 eng d | ||
| 020 | _a9780620667548 (paperback) | ||
| 040 |
_aMPL _beng _c3228 _erda |
||
| 041 | _aEnglish | ||
| 082 | 0 | _aEF BUSA | |
| 100 |
_9159972 _aBusani-Dube, Dudu _eauthor |
||
| 245 |
_aZandile : _bThe resolute / _cDudu Busani-Dube |
||
| 260 |
_aPretoria : _bHlomuPublishing , _c©2015, _c2015. |
||
| 300 |
_a409 pages : _c21 cm |
||
| 490 |
_aThe Hlumo Series _vBook 4 |
||
| 655 | 0 |
_9188556 _aEnglish Fiction |
|
| 655 | 0 |
_9189968 _aFamily Saga |
|
| 655 | 0 |
_9188670 _aHuman Relations Fiction |
|
| 655 | 0 |
_9188653 _a Suspence Fiction |
|
| 942 |
_2ddc _cBK _w296 _xPhillipina Naude _y296 _zPhillipina Naude |
||
| 999 |
_c800121 _d800120 |
||